LEADER 00982nam a2200241 i 4500 001 000000165265 003 CaOOAMICUS 005 20240508113352.0 008 071012s1929 it u000 u ita u 013 $a142633 040 $aSeMil$bita 100 1 $aCalgari, Guido.$0(OLS)http://semarc/name/15500 245 14$a[Le porte del Mistero] :$b[canti di vita, di morte e d'amore] /$c[Guido Calgari] ; [con illustrazioni di Baldo Carugo]. 260 $aMilano :$bUnitas,$c1929. 300 $a89 p. ;$c22 cm. 490 0 $aLa vita ;$v1 700 1 $aCarugo, Baldo.$0(OLS)http://semarc/name/62385 830 3$aLa vita ;$v1.$0(OLS)http://semarc/title/24432 850 $aSeMil 852 $aSeMil$W1$xVenegono$y1$m1L VI 7$j116459$B116459$CSeMilBibl$Z2$F127443 $81 996 $6245$a[Le porte del Mistero] :$b[canti di vita, di morte e d'amore]$9(OLS)http://semarc/title/235904 996 $6260$aMilano :$bUnitas$9(OLS)http://semarc/publisher/33875 LEADER 01214nam a2200253 i 4500 001 000000177944 003 CaOOAMICUS 005 20090302000000.0 008 090302s2008 it u000 u ita u 013 $a155513 040 $aSeMil$bita 245 10$aEmmanuele, Dio è con noi :$bSant'Angelo in Vado, Chiesa di Santa Maria dei Servi, 8 dicembre 2008-18 gennaio 2009. 260 $a[S.l. :$bs.n.],$cstampa 2008$e(Urbino :$fArti Grafiche Editoriali,$gstampa 2008) 300 $a147 p. :$bill. ;$c21 cm. 490 0 $aI segni del tempo ;$vN.5 500 $aCatalogo della mostra. - Dono del Card. Dionigi Tettamanzi. 650 4$aSant'Angelo in Vado - Chiese - Santa Maria dei Servi - Esposizioni.$0(OLS)http://semarc/subject/33980 830 2$aI segni del tempo ;$vN.5.$0(OLS)http://semarc/title/11933 850 $aSeMil 852 $aSeMil$W1$xVenegono$y1$m5S XVI 43$j128740$B128740$CSeMilBibl$Z2$F139927 $81 941 1 $a5 961 $aOmaggio: Tettamanzi Card. Dionigi 996 $6245$aEmmanuele, Dio è con noi :$bSant'Angelo in Vado, Chiesa di Santa Maria dei Servi, 8 dicembre 2008-18 gennaio 2009$9(OLS)http://semarc/title/255564 996 $6260$a[S.l. :$bs.n.]$9(OLS)http://semarc/publisher/29751 LEADER 01524nam a2200313 i 4500 001 000000212244 003 CaOOAMICUS 005 20120403000000.0 008 120403s1995 it u000 u ita u 013 $a191075 020 $a88-215-2671-2 040 $aSeMil$bita 100 1 $aLawrence, Clifford Hugh.$0(OLS)http://semarc/name/75738 240 10$aMedieval monasticism : forms of religious life in Western Europe in the Middle Ages.$0(OLS)http://semarc/title/306503 245 13$aIl monachesimo medievale :$bforme di vita religiosa in Occidente /$cClifford Hugh Lawrence ; introduzione all'edizione italiana di Giorgio Picasso. 250 $a2. ed. 260 $aCinisello Balsamo :$bSan Paolo,$c1995. 300 $a403 p. ;$c21 cm. 490 0 $aStoria della Chiesa. Sussidi ;$v3. 650 4$aMonachesimo.$0(OLS)http://semarc/subject/4553 650 4$aMonachesimo - Storia - Medioevo.$0(OLS)http://semarc/subject/4554 700 1 $aPicasso, Giorgio,$c.$0(OLS)http://semarc/name/89587 830 0$aStoria della Chiesa. Sussidi ;$v3.$0(OLS)http://semarc/title/6201 850 $aSeMil 852 $aSeMil$W1$xVenegono$y1$m3T III 22$j162678$B162678$CSeMilBibl$Z2$F175894 $81 961 $aAcquisto: San Paolo (Agente) 996 $6020$a88-215-2671-2$9(OLS)http://semarc/number/207705 996 $6245$aIl monachesimo medievale :$bforme di vita religiosa in Occidente$9(OLS)http://semarc/title/306502 996 $6260$aCinisello Balsamo :$bSan Paolo$9(OLS)http://semarc/publisher/30129 LEADER 01449nam a2200289 i 4500 001 000000048998 003 CaOOAMICUS 005 20150911000000.0 008 150911s1991 it u000 u ita u 013 $a20168 020 $a88-343-3737-9 040 $aSeMil$bita 245 10$aScienza e tecnologia per lo sviluppo nella pace :$batti del 61. corso di aggionamento culturale dell'Università Cattolica, Piacenza, 8-13 settembre 1991 /$cContributi di: Adriano Bausola ... [et al.]. 260 $aMilano :$bVita e Pensiero,$ccopyr. 1991. 300 $aVIII, 317 p. ;$c23 cm. 490 0 $aLe api : collana di scienze umane, scienze religiose, lettere ed arti 500 $aIn preliminari : Fondo Conti. 650 4$aScienze applicate.$0(OLS)http://semarc/subject/180 650 4$aPace.$0(OLS)http://semarc/subject/5526 700 1 $aBausola, Adriano,$d<1930-2000>.$0(OLS)http://semarc/name/2895 830 3$aLe api.$0(OLS)http://semarc/title/6938 850 $aSeMil 852 $aSeMil$W1$xVenegono$y1$m3N V 342$j15153$B15153$CSeMilBibl$Z2$F15153 $81 961 $aOmaggio: Conti Franco 996 $6020$a88-343-3737-9$9(OLS)http://semarc/number/22281 996 $6245$aScienza e tecnologia per lo sviluppo nella pace :$batti del 61. corso di aggionamento culturale dell'Università Cattolica, Piacenza, 8-13 settembre 1991$9(OLS)http://semarc/title/74321 996 $6260$aMilano :$bVita e Pensiero$9(OLS)http://semarc/publisher/29642 LEADER 01069nam a2200217 i 4500 001 000000068239 003 CaOOAMICUS 005 20190308093340.0 008 131114s1959 xx u000 u lat u 013 $a39411 040 $aSeMil$bita 245 10$aDoctoris subtilis et mariani Ioannis Duns Scoti ordinis fratrum minorum Ordinatio :$bLliber primus a distinctione undecima ad vigesimam quintam. 700 1 $aDuns Scotus, Ioannes,$c.$0(OLS)http://semarc/name/109102 773 0 $tDoctoris subtilis et mariani Ioannis Duns Scoti ordinis fratrum minorum Opera omnia.$dCivitas Vaticana : Typis Vaticanis, 1950.$g5$w()1317 850 $aSeMil 852 $aSeMil$W1$xVenegono$y1$mSL1.V VII 5$j34392$B34392$CSeMilBibl$Z2$F34395 $8I 900 1 $aDuns Scoto, Giovanni. 961 $aAcquisto: Casa editrice 996 $6245$aDoctoris subtilis et mariani Ioannis Duns Scoti ordinis fratrum minorum Ordinatio :$bLliber primus a distinctione undecima ad vigesimam quintam$9(OLS)http://semarc/title/108896 LEADER 01789nam a2200349 i 4500 001 000000251227 003 CaOOAMICUS 005 20160930000000.0 008 160930s2016 sz u000 u ger u 013 $a230132 020 $a978-3-7278-1787-8 020 $a978-3-451-34975-1 040 $aSeMil$bita 100 1 $aDaughton, Amy.$0(OLS)http://semarc/name/83517 245 10$aWith and for others :$bdeveloping Ricoeur?s ethics of self using Aquinas?s language of analogy /$cAmy Daughton. 260 $aFreiburg ; Wien :$bHerder,$c2016. 260 $aFreiburg (Schweiz) :$bAcademic Press,$c2016. 300 $a287 p. ;$c23 cm. 490 0 $aStudien zur theologischen Ethik = Études d'étique chrétienne ;$v146 650 4$aMulticulturalismo - Aspetti etici.$0(OLS)http://semarc/subject/25207 650 4$aSé .$0(OLS)http://semarc/subject/2271 650 4$aRicoeur, Paul <1913-2005> - Pensiero filosofico.$0(OLS)http://semarc/subject/3181 650 4$aAnalogia dell'essere - Concezione [di] Tommaso : d'Aquino.$0(OLS)http://semarc/subject/9518 830 0$aStudien zur theologischen Ethik ;$v146.$0(OLS)http://semarc/title/60536 850 $aSeMil 852 $aSeMil$W1$xVenegono$y1$m2E V 366$j201573$B201573$CSeMilBibl$Z2$F213606 $81 961 $aSottoscrizione: Herder 996 $6020$a978-3-7278-1787-8$9(OLS)http://semarc/number/262014 996 $6020$a978-3-451-34975-1$9(OLS)http://semarc/number/262015 996 $6245$aWith and for others :$bdeveloping Ricoeur?s ethics of self using Aquinas?s language of analogy$9(OLS)http://semarc/title/353360 996 $6260$aFreiburg (Schweiz) :$bAcademic Press$9(OLS)http://semarc/publisher/33771 996 $6260$aFreiburg ; Wien :$bHerder$9(OLS)http://semarc/publisher/31159